00938 2200181 4500001002100000005001500021035002000036245005000056100001700106250001700123300003500140260003700175082001100212084001700223020002200240650001700262520047700279INLIS00000000000011220240507084531 a0010-05240000341 a99 Kisah Teladan Asmaul Husna /cNenny Makmun0 aNenny Makmun acetakan ke-1 aiv, 164 hlm :bilus ;c21,5 cm aJawa Barat :bKaysa Media,c2020 a2X3.12 a2X3.12 NEN s a978-602-215-074-9 4aAsmaul Husna aKata asma berarti nama dan Husna berarti yang baik atau yang indah. Jadi Asmaul Husna adalah nama nama milik allah yang baik dan indah. Ada 99 nama asmaul husna yang melekat pada allah. Sudahkah kalian tahu? Nah, buku ini akan berbagi 99 cerita yang bisa adik adik baca. Isinya dengan mudah dipahami dan kalian bisa memahami arti nama nama allah yang indah,baik,agung dan mulia sesuai dengan sifat sifatnya. Selamat membaca adik adik. Yuk,amalkan dalam keseharian kita.